000 00692nam a2200229Ia 4500
001 16630
003 GE_BSU
008 181216s||||||||xx |||||||||||||| ||und||
040 _cGE_BSU
080 _a821.353.1-32
100 _aმამულაშვილი, თამაზ
245 _aმერცხლები
245 _bმოთხრობა
245 _cრედ. ნ.ლორთქიფანიძე. მხ. გ. ღლონტი
260 _aთბილისი
260 _bნაკადული
260 _c1985
300 _a230გვ. ; 20სმ
653 _aმერცხლები
653 _aმოთხრობა
942 _cBK
999 _c49696
_d49696